[Event "Doroshkevicha Mem Open 2012"]
[Site "Sochi RUS"]
[Date "2012.12.03"]
[Round "8"]
[White "Kulikova,E"]
[Black "Zakaryan,David"]
[Result "0-1"]
[WhiteElo "1908"]
[BlackElo "2122"]

1.d4 Nf6 2.c4 e6 3.Nf3 c5 4.d5 exd5 5.cxd5 d6 6.Nc3 g6 7.e4 Bg7 8.h3 O-O
9.Bd3 Re8 10.O-O a6 11.a4 Nbd7 12.Nd2 Ne5 13.Be2 g5 14.a5 Ng6 15.Bf3 Nh4
16.Be2 h6 17.f4 gxf4 18.Rxf4 Ng6 19.Rf1 Nh7 20.Nc4 Ng5 21.Bf3 Nh4 22.Bh5 Rf8
23.Bf4 Nxg2 24.Bxd6 Ne3 25.Nxe3 Qxd6 26.Bg4 Qg3+ 27.Ng2 Bxg4 28.hxg4 Bd4+  0-1

[Event "III ITT JAHV McGREGOR"]
[Site "Bogota COL"]
[Date "2012.12.12"]
[Round "1.2"]
[White "Torres,Ju2"]
[Black "Ortiz Suarez,I"]
[Result "0-1"]
[WhiteElo "2317"]
[BlackElo "2603"]

1.d4 Nf6 2.Nf3 e6 3.c4 c5 4.d5 exd5 5.cxd5 d6 6.Nc3 g6 7.g3 Bg7 8.Bg2 O-O
9.O-O Nbd7 10.h3 a6 11.a4 Re8 12.Nd2 b6 13.Nc4 Ne5 14.Nxe5 Rxe5 15.e4 Re8
16.f4 Bb7 17.Bd2 b5 18.Qc2 Qb6 19.Kh2 c4 20.Rae1 b4 21.Nd1 Rac8 22.Be3 Qa5
23.Nf2 Nd7 24.Rd1 b3 25.Qd2 Qxd2 26.Rxd2 Nc5 27.Bxc5 Rxc5 28.Rc1 c3 29.bxc3 Rxc3
30.Rxc3 Bxc3 31.Rd1 Rb8 32.Bf1 Bc8 33.Rb1 Bd7 34.Bxa6 Bxa4 35.Nd1 Bd4 36.Nb2 Bb5
37.Bxb5 Rxb5 38.Nc4 Rc5 39.Rxb3 Rxc4 40.Rb8+ Kg7 41.Rd8 Bf6 42.Rxd6 Rxe4  0-1

[Event "III ITT JAHV McGREGOR"]
[Site "Bogota COL"]
[Date "2012.12.12"]
[Round "1.22"]
[White "Chirivi C,Y"]
[Black "Mendoza,Raf"]
[Result "1-0"]
[WhiteElo "2214"]
[BlackElo "2341"]

1.d4 Nf6 2.c4 e6 3.Nf3 c5 4.d5 exd5 5.cxd5 d6 6.Nc3 g6 7.g3 Bg7 8.Bg2 O-O
9.O-O a6 10.a4 Nbd7 11.h3 Re8 12.Nd2 Rb8 13.a5 b5 14.axb6 Nxb6 15.e4 Nfd7
16.f4 f5 17.Kh2 Nf6 18.Ra3 fxe4 19.Ndxe4 Nc4 20.Rb3 Bf5 21.Rxb8 Qxb8 22.Nxf6+ Bxf6
23.g4 Bd7 24.Ne4 Bd4 25.b3 Na5 26.f5 Qxb3 27.f6 Rf8 28.Qe1 Nc4 29.Qh4 Ne5
30.Qh6 Rf7 31.Ng5  1-0

[Event "ch-IRI 2012"]
[Site "Zahedan IRI"]
[Date "2012.12.12"]
[Round "8.5"]
[White "Nasri,A"]
[Black "Faghirnavaz,A"]
[Result "1-0"]
[WhiteElo "2304"]
[BlackElo "2317"]

1.d4 Nf6 2.c4 c5 3.d5 e6 4.Nc3 exd5 5.cxd5 d6 6.Nf3 a6 7.a4 g6 8.Nd2 Nbd7
9.e4 Bg7 10.Be2 O-O 11.O-O Re8 12.f4 Qc7 13.Kh1 Rb8 14.e5 dxe5 15.Nc4 Ra8
16.fxe5 Nxe5 17.Bf4 Nfd7 18.d6 Qd8 19.Nd5 Rf8 20.Qe1 Kh8 21.Ne7 Nc6 22.Bf3 Qe8
23.Bg5 f5 24.Qh4 Nce5 25.Be2 Nxc4 26.Bxc4 Ne5 27.Bd5 Bd7 28.Ra3 Ng4 29.Re1 Rb8
30.Rh3 h6 31.Rg3 Kh7 32.h3 Nf2+ 33.Kg1 Ne4 34.Bxe4 fxe4 35.Rxe4 h5 36.Be3 Bf6
37.Qf4 g5 38.Rxg5 Bxe7 39.Rg7+ Kxg7 40.Rxe7+ Qxe7 41.Qh6+  1-0

[Event "III ITT JAHV McGREGOR"]
[Site "Bogota COL"]
[Date "2012.12.13"]
[Round "3.24"]
[White "Torres,Ju2"]
[Black "Castro,N"]
[Result "1-0"]
[WhiteElo "2317"]
[BlackElo "2009"]

1.d4 Nf6 2.c4 c5 3.d5 e6 4.Nf3 exd5 5.cxd5 d6 6.Nc3 g6 7.h3 Bg7 8.Bf4 O-O
9.e3 a6 10.a4 Re8 11.Be2 Ne4 12.Qb3 g5 13.Bh2 f5 14.Qc2 Qa5 15.Rc1 Bd7 16.O-O Bxc3
17.bxc3 Bxa4 18.Qb2 b5 19.Bd3 Qd8 20.Ra1 Qf6 21.Rxa4 bxa4 22.Qb7 Nd7 23.Qxd7 a3
24.Qa4 Nxc3 25.Qxa3 Nb5 26.Qa1 Qxa1 27.Rxa1 g4 28.Ng5 h6 29.Ne6 gxh3 30.gxh3 Kf7
31.Bxf5 c4 32.Kf1 c3 33.Ke2 Ke7 34.Bf4 Kf6 35.Bc2 Rh8 36.Ra4 Ke7 37.Bg3 Kd7
38.Bd3 c2 39.Kd2 Rhc8 40.Bxc2 Nc3 41.Ra5  1-0

[Event "5th Kolkata Open"]
[Site "Kolkata IND"]
[Date "2012.12.13"]
[Round "11.22"]
[White "Thejkumar,M"]
[Black "Udeshi,A"]
[Result "0-1"]
[WhiteElo "2442"]
[BlackElo "2376"]

1.d4 Nf6 2.Nf3 e6 3.c4 c5 4.d5 exd5 5.cxd5 d6 6.Nc3 g6 7.e4 Bg7 8.Bg5 O-O
9.Nd2 Re8 10.Be2 Nbd7 11.O-O a6 12.a4 h6 13.Bh4 g5 14.Bg3 Ne5 15.h3 Nh7 16.Qc2 Nf8
17.Nd1 Bd7 18.Bxe5 Bxe5 19.Nc4 Ng6 20.Bg4 Bxg4 21.hxg4 b5 22.Nxe5 Nxe5 23.Ne3 Qd7
24.f3 bxa4 25.Rxa4 Reb8 26.Rfa1 Rb6 27.Nf5 Kh7 28.Qc3 f6 29.b4 c4 30.Ra5 Qb7
31.Kh2 Rxb4 32.Nxd6 Qb8 33.Rxa6 Rxa6 34.Rxa6 Rb3 35.Qd4 Kg6 36.Qa7 Qb4 37.Nf5 Nxf3+
38.gxf3 Qd2+ 39.Kh3 Rxf3+ 40.Ng3 Rf2 41.Qxf2 Qxf2 42.Rc6 Qd4 43.Rc7 Qd3 44.d6 f5
45.gxf5+ Kf6 46.d7 h5 47.d8=Q+ Qxd8 48.Nxh5+ Ke5 49.Rc5+ Kxe4 50.Rxc4+ Kxf5
51.Ng3+ Ke5 52.Rc5+ Kd4 53.Rf5 Qh8+ 54.Kg2 Qg8 55.Kf3 g4+ 56.Kf4 Kd3 57.Rg5 Qc4+
58.Kf5 Ke3 59.Rxg4 Qc8+ 60.Kg5 Kf3 61.Rd4 Qg8+ 62.Kf5 Qf7+ 63.Ke5 Kxg3 64.Rd3+ Kg4
65.Rd4+ Kg5 66.Ke4 Qe6+ 67.Kd3 Kf5  0-1

[Event "4th Penang Heritage City Open"]
[Site "Penang MAS"]
[Date "2012.12.14"]
[Round "8.27"]
[White "Ajeet Singh,Roshan"]
[Black "Lau,Xian Hui Rudolph"]
[Result "1-0"]
[WhiteElo "2017"]
[BlackElo "1681"]

1.d4 Nf6 2.Nf3 c5 3.d5 e6 4.c4 exd5 5.cxd5 d6 6.Nc3 g6 7.Bf4 Bg7 8.h3 O-O
9.e3 Qe7 10.Be2 Bf5 11.Nd2 Na6 12.O-O Nc7 13.e4 Bc8 14.Nc4 Nfe8 15.Bh2 b5
16.Na5 b4 17.Nc6 Qd7 18.Na4 Bb7 19.Na5 Ba6 20.Bxa6 Nxa6 21.Rc1 Nec7 22.b3 Rfe8
23.Qd3 Nb5 24.Nc6 Nac7 25.Kh1 Nd4 26.Nxd4 Bxd4 27.Rc2 Nb5 28.f4 Na3 29.Re2 Bg7
30.Nb2 Nb5 31.Nc4 Nd4 32.Ree1 Bf8 33.Bg1 Bg7 34.Bxd4 Bxd4 35.Qf3 Rad8 36.f5 Bg7
37.f6 Bf8 38.Qf4 Qb7 39.h4 a5 40.h5 Re5 41.Nxe5 dxe5 42.Qxe5 Bd6 43.Qg5 Re8
44.hxg6 hxg6 45.Qh6 Bf8 46.Qf4 c4 47.Rf3 c3 48.Rh3 Qxd5 49.e5  1-0

[Event "ch-CZE Blitz H18 2012"]
[Site "Prague CZE"]
[Date "2012.12.15"]
[Round "3.1"]
[White "Balacek,T"]
[Black "Dvorak,A"]
[Result "1-0"]
[WhiteElo "2216"]
[BlackElo "2030"]

1.d4 Nf6 2.c4 c5 3.d5 e6 4.Nc3 exd5 5.cxd5 d6 6.Nf3 g6 7.Qa4+ Nbd7 8.Bf4 Nh5
9.Bg5 Be7 10.Bxe7 Qxe7 11.e3 O-O 12.Be2 Nb6 13.Qb3 Bd7 14.O-O Rac8 15.Nd2 Ng7
16.a4 Be8 17.a5 Na8 18.Nc4 f5 19.Bf3 g5 20.g3 h5 21.e4 f4 22.Rae1 g4 23.Bd1 f3
24.e5 dxe5 25.Rxe5 Qf7 26.Rfe1 Rd8 27.Re7 Qf5 28.Bc2 Qf6 29.d6 Bf7 30.Ne4 Qh6
31.Qc3 b5 32.axb6 axb6 33.Ne5 Nf5 34.Nxf7 Rxf7 35.Bb3 c4 36.Bxc4 Nxd6 37.Nxd6 Qxd6
38.Rxf7  1-0

[Event "11th IM Int"]
[Site "Sao Jose do Rio Preto BRA"]
[Date "2012.12.18"]
[Round "2.1"]
[White "Freitas,R"]
[Black "Valiente,C"]
[Result "1/2-1/2"]
[WhiteElo "2279"]
[BlackElo "2240"]

1.d4 Nf6 2.c4 c5 3.d5 e6 4.Nc3 exd5 5.cxd5 d6 6.Nf3 g6 7.Nd2 Nbd7 8.e4 Bg7
9.Be2 O-O 10.O-O Re8 11.Qc2 a6 12.a4 Rb8 13.a5 Ne5 14.Ra3 g5 15.Re1 h6 16.Nf1 b5
17.axb6 Rxb6 18.Ng3 Ng6 19.Nd1 Qe7 20.Bd2 Nf4 21.Bf1 Ng4 22.h3 Ne5 23.Qc1 Nfg6
24.Ne3 Nh4 25.Bc3 Qf8 26.Qd1 f5 27.exf5 Nxf5 28.Nexf5 Bxf5 29.Nxf5 Qxf5 30.Rxa6 Rxa6
31.Bxa6 Rf8 32.Qe2 h5 33.Qxh5 Qxf2+ 34.Kh1 Qg3 35.Rf1 Rxf1+ 36.Bxf1 Qf4 37.Qe2 g4
38.Bxe5 Bxe5  1/2-1/2

[Event "19th Zadar Open A"]
[Site "Zadar CRO"]
[Date "2012.12.20"]
[Round "7.1"]
[White "Sumets,A"]
[Black "Ivanov,Bor BUL"]
[Result "1/2-1/2"]
[WhiteElo "2638"]
[BlackElo "2227"]

1.d4 Nf6 2.c4 c5 3.d5 e6 4.Nc3 exd5 5.cxd5 d6 6.Nf3 g6 7.Nd2 Bg7 8.Nc4 O-O
9.Bf4 Ne8 10.g3 Qe7 11.Bg2 Nd7 12.O-O Ne5 13.Bxe5 Bxe5 14.Nxe5 Qxe5 15.Qd2 Bd7
16.a4 Nf6 17.e4 Rfe8 18.Rad1 Qh5 19.f3 Kg7 20.b3 a6 21.a5 Rac8 22.Rfe1 h6
23.Qb2 Rb8 24.f4 b5 25.Nb1 Bg4 26.Rc1 Bf3 27.Nd2 Bxg2 28.Kxg2 g5 29.Rf1 g4
30.b4 c4 31.Qd4 Qg6 32.Rce1 Kg8 33.Rf2 h5 34.e5 Qd3 35.Qxd3 cxd3 36.Ne4 Nxe4
37.Rxe4 dxe5 38.Rxe5 Rxe5 39.fxe5 Re8 40.Rd2 Rxe5 41.Rxd3 Kf8 42.d6  1/2-1/2

[Event "19th Zadar Open A"]
[Site "Zadar CRO"]
[Date "2012.12.20"]
[Round "7.8"]
[White "Rezan,S"]
[Black "Cebalo,M"]
[Result "1-0"]
[WhiteElo "2436"]
[BlackElo "2402"]

1.d4 Nf6 2.c4 c5 3.d5 e6 4.Nc3 exd5 5.cxd5 d6 6.Nf3 g6 7.Bf4 a6 8.a4 Qe7
9.h3 Bg7 10.e3 O-O 11.Be2 Nbd7 12.O-O Ne8 13.Re1 Ne5 14.e4 Rb8 15.Nxe5 Bxe5
16.Qd2 f6 17.Rab1 a5 18.Nb5 Bxf4 19.Qxf4 Bd7 20.Qd2 Bxb5 21.Bxb5 b6 22.f4 g5
23.fxg5 fxg5 24.e5 dxe5 25.Bxe8 Rbxe8 26.d6 Qg7 27.Qd5+ Qf7 28.Rxe5 Qxd5
29.Rxd5 h6 30.d7 Rd8 31.Re1 Kg7 32.Re6 Rf6 33.Re8 Rf8 34.Rxf8 Kxf8 35.Rd6 h5
36.Rxb6 Rxd7 37.Rb5 g4 38.hxg4 hxg4 39.Kh2 Rd4 40.Rxa5 Rb4 41.Rxc5 Rxa4 42.Rb5 Rd4
43.Kg3 Ke7 44.Kh4 Kf6 45.g3 Rc4 46.Rb8 Kg7 47.Kg5 Kf7 48.Rb6 Ke7 49.Kf5 Kf7
50.Rb7+ Kf8 51.b4 Rd4 52.b5 Rb4 53.b6 Kg8 54.Kg6 Kf8 55.Rf7+ Ke8 56.b7  1-0

[Event "Norberto La Porta Open A"]
[Site "Buenos Aires ARG"]
[Date "2012.12.22"]
[Round "6"]
[White "Rodriguez,JL"]
[Black "Cuevas,A"]
[Result "0-1"]
[WhiteElo "2401"]
[BlackElo "2246"]

1.d4 Nf6 2.c4 c5 3.d5 e6 4.Nc3 exd5 5.cxd5 d6 6.Nf3 g6 7.Nd2 Nbd7 8.e4 Bg7
9.Be2 O-O 10.O-O Re8 11.a4 Ne5 12.Re1 Nfg4 13.h3 Nxf2 14.Kxf2 Qh4+ 15.g3 Qxh3
16.Rh1 Ng4+ 17.Bxg4 Bd4+ 18.Ke2 Bxg4+ 19.Nf3 Qg2+ 20.Kd3 Bxf3 21.Rh2 Qxg3
22.Qd2 Bg2+  0-1

[Event "23rd Metropolitan GM"]
[Site "Los Angeles USA"]
[Date "2012.12.23"]
[Round "9"]
[White "Shen,V"]
[Black "Sevian,Samuel"]
[Result "1/2-1/2"]
[WhiteElo "2419"]
[BlackElo "2343"]

1.d4 Nf6 2.c4 c5 3.d5 e6 4.Nc3 exd5 5.cxd5 d6 6.Nf3 g6 7.Bf4 a6 8.a4 Bg7
9.e3 Nh5 10.Bg5 Qb6 11.Qc2 O-O 12.a5 Qc7 13.Nd2 h6 14.Bh4 Nd7 15.Be2 Nhf6
16.O-O b5 17.axb6 Nxb6 18.e4 g5 19.Bg3 Nfd7 20.Nd1 Ne5 21.Ne3 Qe7 22.Ra5 g4
23.Rfa1 h5 24.Bxa6 Bd7 25.Be2 Rxa5 26.Rxa5 Qg5 27.Ra6 Nc8 28.Qd1 Re8 29.Qb3 h4
30.Bxe5 Bxe5 31.Bb5 Bxb5 32.Qxb5 Kf8 33.Qe2 Bxb2 34.Qxg4 Qxg4 35.Nxg4 Bc3
36.Nc4 f5 37.Nge3 f4 38.Nf5 Rxe4 39.h3 Rxc4 40.Ra8 Be5 41.Rxc8+ Kf7 42.Kf1  1/2-1/2

[Event "5th Marseille Open"]
[Site "Marseille FRA"]
[Date "2012.12.26"]
[Round "2.14"]
[White "Vincensini,E"]
[Black "Enchev,I"]
[Result "0-1"]
[WhiteElo "1946"]
[BlackElo "2411"]

1.d4 Nf6 2.c4 e6 3.Nf3 c5 4.d5 exd5 5.cxd5 d6 6.Nc3 g6 7.h3 Bg7 8.e4 O-O
9.Bd3 a6 10.a4 Re8 11.O-O Nh5 12.Bg5 Bf6 13.Be3 Nd7 14.Qd2 Ne5 15.Nxe5 Bxe5
16.Ne2 Rb8 17.g4 Qh4 18.gxh5 Bxh3 19.Ng3 Bxg3 20.fxg3 Qxg3+ 21.Kh1 Bxf1 22.Rxf1 Re5  0-1

[Event "28th Post Open"]
[Site "Duesseldorf GER"]
[Date "2012.12.27"]
[Round "2.1"]
[White "Walter,A"]
[Black "Berelowitsch,A"]
[Result "0-1"]
[WhiteElo "1975"]
[BlackElo "2556"]

1.d4 Nf6 2.c4 e6 3.Nf3 c5 4.d5 exd5 5.cxd5 d6 6.Nc3 g6 7.Bf4 a6 8.Nd2 Nh5
9.Qa4+ b5 10.Nxb5 axb5 11.Qxa8 Qb6 12.Qa3 Nxf4 13.Qe3+ Ne6 14.dxe6 Bxe6 15.Qc3 Rg8
16.e3 Bg7 17.Qc2 Nc6 18.a4 Nb4 19.Qc1 bxa4 20.Nc4 Bxc4 21.Qxc4 d5 22.Qb5+ Qxb5
23.Bxb5+ Ke7 24.O-O Rb8 25.Bxa4 c4 26.Rab1 Ra8 27.b3 c3 28.Rbc1 Rc8 29.Rfe1 c2
30.Kf1 Bb2 31.Ke2 Na2  0-1

[Event "XXIII Krakow Open"]
[Site "Krakow POL"]
[Date "2012.12.27"]
[Round "1.7"]
[White "Baryshpolets,A"]
[Black "Szusterowski,R"]
[Result "1-0"]
[WhiteElo "2502"]
[BlackElo "2216"]

1.d4 Nf6 2.c4 c5 3.d5 e6 4.Nc3 exd5 5.cxd5 d6 6.Nf3 g6 7.g3 Bg7 8.Bg2 O-O
9.O-O Re8 10.Nd2 Nbd7 11.a4 Nh5 12.Nb5 Ne5 13.Ne4 Bf8 14.Bg5 f6 15.Bd2 a6
16.Na3 Bg7 17.a5 f5 18.Ng5 b5 19.axb6 Qxb6 20.Bc3 Rb8 21.e3 h6 22.Ne6 Bxe6
23.dxe6 Kh7 24.Bd5 Nf6 25.Nc4 Nxc4 26.Bxc4 d5 27.Rxa6 Qb7 28.Bxf6 dxc4 29.Qd7 Rg8
30.Ra7  1-0

[Event "5th Marseille Open"]
[Site "Marseille FRA"]
[Date "2012.12.27"]
[Round "3.3"]
[White "Loiseau,Q"]
[Black "Nikolov,Mo"]
[Result "0-1"]
[WhiteElo "2370"]
[BlackElo "2542"]

1.d4 Nf6 2.c4 e6 3.Nf3 c5 4.d5 exd5 5.cxd5 d6 6.Nc3 g6 7.Bf4 a6 8.a4 Bg7
9.h3 O-O 10.e3 Qe7 11.Be2 Nbd7 12.O-O Ne8 13.Re1 Rb8 14.Bf1 Ne5 15.Nd2 Nc7
16.a5 b5 17.axb6 Rxb6 18.Qc2 Bd7 19.Bg3 Bb5 20.f4 Nd7 21.Nc4 Bxc4 22.Bxc4 Rfb8
23.Ra2 Rb4 24.Na4 Nf6 25.Bh4 Qe4 26.Qxe4 Nxe4 27.b3 Rxb3 28.Bxb3 Rxb3 29.Rd1 Nb5
30.Rc2 Rb4 31.Nxc5 dxc5 32.Be7 Bf8 33.Bxf8 Kxf8 34.Ra1 Nbd6 35.Rxa6 Rb1+
36.Kh2 c4 37.g4 Rd1 38.h4 Rxd5 39.Kg2 c3 40.Kf3 Rd2 41.Raa2 f5 42.h5 fxg4+
43.Kxg4 gxh5+ 44.Kxh5 Nf5 45.Ra8+ Kf7 46.Ra7+ Ke6 47.Rca2 c2 48.R2a6+ Ned6
49.Rc7 Nxe3 50.Rac6 Rd1 51.Rxc2 Rh1+ 52.Kg5 Ne4+  0-1

[Event "XLII Rilton Cup"]
[Site "Stockholm SWE"]
[Date "2012.12.27"]
[Round "1.18"]
[White "Socko,M"]
[Black "Evertsson,L"]
[Result "1-0"]
[WhiteElo "2445"]
[BlackElo "2187"]

1.d4 Nf6 2.c4 c5 3.d5 e6 4.Nc3 exd5 5.cxd5 d6 6.Nf3 g6 7.h3 Bg7 8.Qa4+ Nbd7
9.Bf4 O-O 10.e3 Re8 11.Rd1 a6 12.Qc2 Nf8 13.a4 Nh5 14.Bh2 f5 15.Be2 Bh6 16.O-O g5
17.Nd2 Nf6 18.Nc4 f4 19.exf4 gxf4 20.Bd3 b6 21.Rfe1 Ra7 22.Qd2 Rxe1+ 23.Rxe1 Nh5
24.Ne4 Rg7 25.Kh1 Rxg2 26.Qd1 Rxh2+ 27.Kxh2 f3 28.Qxf3 Nf4 29.Nexd6 b5 30.Nxc8 Nxd3
31.Ne7+ Kg7 32.Nf5+ Kg6 33.Rg1+ Bg5 34.Qxd3 bxc4 35.Qe4 Qf6 36.h4 h6 37.Ne3+ Kf7
38.hxg5 hxg5 39.Qf5  1-0

[Event "6th Augusta Aragon Open"]
[Site "Zaragoza ESP"]
[Date "2012.12.27"]
[Round "6.3"]
[White "Glavina,P"]
[Black "Forcen Esteban,D"]
[Result "1/2-1/2"]
[WhiteElo "2447"]
[BlackElo "2469"]

1.d4 Nf6 2.c4 c5 3.d5 e6 4.Nc3 d6 5.Nf3 exd5 6.cxd5 g6 7.g3 Bg7 8.Bg2 O-O
9.O-O Re8 10.Nd2 b6 11.a4 Ba6 12.h3 Nbd7 13.Nb5 Qe7 14.Re1 Ne5 15.Qc2 Bb7
16.f4 Nxd5 17.Bxd5 Bxd5 18.fxe5 Qxe5 19.Nf1 Be4 20.Qd2 d5 21.Nc3 Qh5 22.Nxe4 Rxe4
23.e3 d4 24.Qg2 Rae8 25.Bd2 Qe5 26.Kh2 dxe3 27.Bc3 Qd6 28.Bxg7 Kxg7 29.Re2 f5
30.Rae1 f4 31.gxf4 Qxf4+ 32.Ng3 Rxa4 33.Rxe3 Rxe3 34.Rxe3 Rd4 35.Qe2 h5 36.Kg2 Qg5
37.Kh2 Qf4 38.Kg2 Qg5 39.Kh2 Qf4  1/2-1/2

[Event "36th Zurich Christmas Open"]
[Site "Zuerich SUI"]
[Date "2012.12.28"]
[Round "4.10"]
[White "Prohaszka,P2"]
[Black "Rindlisbacher,L"]
[Result "1-0"]
[WhiteElo "2573"]
[BlackElo "2370"]

1.d4 Nf6 2.c4 e6 3.Nf3 c5 4.d5 d6 5.Nc3 exd5 6.cxd5 g6 7.Nd2 Bg7 8.e4 O-O
9.Be2 Nbd7 10.O-O Re8 11.a4 Ne5 12.Ra3 g5 13.Re1 a6 14.Nf1 h6 15.a5 Ng6 16.Ng3 Nf4
17.Bf1 Ng4 18.Nce2 Qf6 19.Rf3 Ne5 20.Nxf4 Nxf3+ 21.Qxf3 gxf4 22.Nh5 Qg6 23.Nxg7 Kxg7
24.Bxf4 Bd7 25.Qc3+ Kh7 26.Re3 Rg8 27.Rg3 Qh5 28.Bxd6 Rxg3 29.Bxg3 Bb5 30.Bxb5 axb5
31.h3 Re8 32.Qxc5 Rxe4 33.Kh2 Qf5 34.Qxb5 Re7 35.Qc4 Qe4 36.Qc5 Rd7 37.d6 f5
38.Qc8 Qe6 39.Qc2 h5 40.h4 Qe4 41.Qd2 Qe6 42.b4 Qc4 43.b5 Qxb5 44.Qg5 Rg7
45.Qxh5+ Kg8 46.Qh6 Qd5 47.Qe3 Kh7 48.Qe5 Qf7 49.Bf4 Rg4 50.g3 Rg6 51.Qd4 Qd7
52.Qd5 Rf6 53.Qe5 Rf7 54.Bg5 Kg8 55.Qf4 Kh7 56.Be7 Qe6 57.Qf3 Qd7 58.Qh5+ Kg7
59.Qg5+ Kh7 60.Bf6  1-0

[Event "XXIII Krakow Open"]
[Site "Krakow POL"]
[Date "2012.12.29"]
[Round "4.25"]
[White "Winiarski,M"]
[Black "Koykka,P"]
[Result "1-0"]
[WhiteElo "2089"]
[BlackElo "2274"]

1.d4 Nf6 2.c4 c5 3.d5 e6 4.Nc3 exd5 5.cxd5 d6 6.Nf3 g6 7.g3 Bg7 8.Bg2 O-O
9.O-O Re8 10.h3 a6 11.a4 Ne4 12.Bd2 Nxd2 13.Nxd2 Nd7 14.a5 Nf6 15.Nc4 Qc7
16.Ra3 Bf5 17.g4 Bd7 18.Rb3 h5 19.g5 Nh7 20.Qd2 Rad8 21.Re1 Re7 22.h4 Be8
23.Rb6 Bf8 24.Ne4 Rxe4 25.Bxe4 Bb5 26.Na3 Qe7 27.Bf3 Ba4 28.Qf4  1-0

[Event "25th Staufer Open"]
[Site "Schwaebisch Gmuend GER"]
[Date "2013.01.04"]
[Round "6.18"]
[White "Gheng,J"]
[Black "Beckers,Manfred"]
[Result "1-0"]
[WhiteElo "2314"]
[BlackElo "2045"]

1.d4 Nf6 2.Nf3 c5 3.d5 e6 4.c4 exd5 5.cxd5 d6 6.Nc3 g6 7.e4 Bg7 8.Bd3 O-O
9.O-O Bg4 10.h3 Bxf3 11.Qxf3 a6 12.a4 Nbd7 13.Qd1 Re8 14.Bf4 c4 15.Bc2 Qc7
16.a5 Rad8 17.Ra4 Nc5 18.Rxc4 b5 19.axb6 Qxb6 20.b4 Ncd7 21.Rc6 Qxb4 22.Bxd6 Qa5
23.Bc7  1-0

[Event "Australian Open 2013"]
[Site "Cammeray AUS"]
[Date "2013.01.06"]
[Round "5.23"]
[White "Atzmon Simon,B"]
[Black "Pickering,A"]
[Result "1-0"]
[WhiteElo "2092"]
[BlackElo "1887"]

1.d4 e6 2.c4 Nf6 3.Nf3 c5 4.d5 exd5 5.cxd5 d6 6.Nc3 g6 7.Bf4 Bg7 8.Qa4+ Bd7
9.Qb3 Bc8 10.Qb5+ Qd7 11.Bxd6 Qxb5 12.Nxb5 Na6 13.Nc3 Bf5 14.Nd2 O-O-O 15.Be5 Rhe8
16.Nc4 Rxe5 17.Nxe5 Nxd5 18.Nxd5 Rxd5 19.Nd3 Bxd3 20.exd3 Bxb2 21.Rb1 Bc3+
22.Kd1 Nb4 23.Rb3 Bd4 24.a3 Nc6 25.Be2 Ne5 26.f4 Nc6 27.Bf3 Rd6 28.Kd2 b6
29.h4 Ne7 30.h5 Nd5 31.hxg6 hxg6 32.Rh7 Be3+ 33.Ke2 Bxf4 34.Rxf7 Re6+ 35.Kf2 Be3+
36.Kg3 Ne7 37.Bg4 Nf5+ 38.Rxf5 gxf5 39.Bxf5 Kd7 40.Rb1 Bd2 41.Rb2  1-0

[Event "Australian Open 2013"]
[Site "Cammeray AUS"]
[Date "2013.01.06"]
[Round "5.16"]
[White "Viswanath,G"]
[Black "Nakauchi,G"]
[Result "0-1"]
[WhiteElo "2030"]
[BlackElo "2191"]

1.d4 Nf6 2.c4 c5 3.d5 e6 4.Nc3 exd5 5.cxd5 d6 6.Nf3 g6 7.Nd2 Bg7 8.e4 O-O
9.Be2 Re8 10.O-O a6 11.a4 h5 12.h3 Nbd7 13.f4 c4 14.Kh1 Nc5 15.e5 dxe5 16.Nxc4 Nfe4
17.Nxe4 Nxe4 18.Ra3 h4 19.fxe5 Ng3+ 20.Rxg3 hxg3 21.Nd6 Rf8 22.Qb3 Bxe5 23.Nxf7 Rxf7
24.d6 Bf5 25.Bc4 Qd7 26.Re1 Bxd6 27.Rd1 Re8  0-1

[Event "Australian Open 2013"]
[Site "Cammeray AUS"]
[Date "2013.01.07"]
[Round "6.19"]
[White "Ng,Clive"]
[Black "Luchtmeijer,A"]
[Result "0-1"]
[WhiteElo "1936"]
[BlackElo "2108"]

1.Nf3 Nf6 2.d4 c5 3.d5 e6 4.c4 exd5 5.cxd5 d6 6.Nc3 g6 7.g3 Bg7 8.Bg2 O-O
9.O-O a6 10.a4 Re8 11.Re1 Nbd7 12.h3 Rb8 13.a5 Ne4 14.Nxe4 Rxe4 15.Nd2 Rb4
16.Ra4 Rxa4 17.Qxa4 b5 18.axb6 Rxb6 19.Qa5 Qf8 20.Nc4 Rb4 21.Qa2 Nb6 22.b3 Nxc4
23.bxc4 Qe8 24.Bf4 Be5 25.e4 f6 26.Be3 Qa4 27.Qxa4 Rxa4 28.f4 Bc3 29.Rc1 Ra3
30.Rb1 Ra1 31.Rxa1 Bxa1 32.Bd2 Kf7 33.Kf1 f5 34.h4 fxe4 35.Bxe4 Bf5 36.Bxf5 gxf5
37.Ke2 Bb2 38.Kd3 Ba3 39.Be3 Bb4 40.Bf2 a5 41.h5 a4 42.g4 fxg4 43.f5 a3 44.Kc2 a2
45.Kb2 Bc3+ 46.Kxa2 Be5  0-1

[Event "Prague Open A 2013"]
[Site "Prague CZE"]
[Date "2013.01.10"]
[Round "2.14"]
[White "De Verdier,M"]
[Black "Ilandzis,S"]
[Result "1-0"]
[WhiteElo "2385"]
[BlackElo "2172"]

1.d4 Nf6 2.Nf3 e6 3.c4 c5 4.d5 exd5 5.cxd5 d6 6.Nc3 g6 7.Bf4 a6 8.a4 Bg7
9.h3 O-O 10.e3 Qe7 11.Be2 Ne4 12.Nxe4 Qxe4 13.Nd2 Qxd5 14.Nc4 Qxd1+ 15.Rxd1 Nd7
16.Bxd6 Re8 17.Bf3 a5 18.Bg3 Ne5 19.Nxe5 Bxe5 20.Bxe5 Rxe5 21.Rd8+ Kg7 22.O-O Re7
23.Rfd1 Rc7 24.Kf1 Ra7 25.Bd5 Bf5 26.e4 Rd7 27.Re8 Be6 28.Rb8 Kf6 29.Rd3 Ra6
30.Rb3 Bxd5 31.exd5 Rxd5 32.R8xb7 Re6 33.Rf3+ Kg5 34.g3 f5 35.Rxh7 Re4 36.Rb3 Rd1+
37.Kg2 Rd2 38.Rb6 f4 39.h4+ Kg4 40.Rxg6+ Kf5 41.Rg5+ Kf6 42.Rh6+ Kf7 43.Rxc5 fxg3
44.Rc7+ Kg8 45.Kxg3 Rxa4 46.Rb6 Rb4 47.Ra6 Rdxb2 48.Rxa5 R2b3+ 49.f3 Rb1
50.Rd5 Rb8 51.Rg5+ Kh8 52.Rf7 Rg1+ 53.Kh3 Rh1+ 54.Kg4 Rb4+ 55.f4 Rf1 56.Rgf5 Rb8
57.Kh5 Rh1 58.R5f6 Kg8 59.f5 Rc8 60.Kg5 Rb8 61.h5 Rd8 62.Kh6 Rg1 63.Ra7 Rf1
64.Rg7+ Kh8 65.Rh7+ Kg8 66.Rg6+  1-0

[Event "Prague Open A 2013"]
[Site "Prague CZE"]
[Date "2013.01.11"]
[Round "3.12"]
[White "Chetverik,M"]
[Black "Plischki,S"]
[Result "1/2-1/2"]
[WhiteElo "2240"]
[BlackElo "2367"]

1.d4 Nf6 2.c4 e6 3.Nf3 c5 4.d5 d6 5.Nc3 exd5 6.cxd5 g6 7.Bg5 h6 8.Bh4 g5
9.Bg3 Nh5 10.e3 Nxg3 11.hxg3 Bg7 12.Bd3 O-O 13.Nd2 Nd7 14.Nc4 Nb6 15.Nxb6 Qxb6
16.Rb1 f5 17.O-O Bd7 18.Qc2 a6 19.Rbe1 Rae8 20.b3 Qa5 21.Nb1 f4 22.gxf4 gxf4
23.Nd2 fxe3 24.Rxe3 Rxe3 25.fxe3 Rxf1+ 26.Kxf1 b5 27.Bf5 Bxf5 28.Qxf5 Qxd2
29.Qe6+  1/2-1/2

[Event "TCh-CZE Div1 Zapad 2012-13"]
[Site "Czech Republic CZE"]
[Date "2013.01.13"]
[Round "5.6"]
[White "Kovar,V"]
[Black "Pesout,J"]
[Result "1/2-1/2"]
[WhiteElo "2263"]
[BlackElo "2235"]

1.d4 Nf6 2.c4 c5 3.d5 e6 4.Nc3 exd5 5.cxd5 d6 6.Nf3 g6 7.Bf4 Nh5 8.Bg5 f6
9.Bc1 f5 10.g3 Bg7 11.Bg2 Nf6 12.O-O O-O 13.Qb3 Na6 14.Rd1 Nc7 15.a4 Re8
16.h3 Rb8 17.Nd2 b5 18.axb5 Nxb5 19.Nxb5 a6 20.Nc4 Rxb5 21.Qc2 Ne4 22.Bd2 Nxd2
23.Rxd2 Rb4 24.Ra4 a5 25.Rxb4 axb4 26.Qa4 Bf8 27.b3  1/2-1/2

[Event "Prague Open A 2013"]
[Site "Prague CZE"]
[Date "2013.01.14"]
[Round "7.4"]
[White "Pranav,V"]
[Black "Kanovsky,D"]
[Result "1/2-1/2"]
[WhiteElo "2130"]
[BlackElo "2412"]

1.d4 Nf6 2.c4 c5 3.d5 e6 4.Nc3 exd5 5.cxd5 d6 6.Nf3 g6 7.e4 a6 8.a4 Bg4 9.Be2 Bxf3
10.Bxf3 Nbd7 11.O-O Bg7 12.Bf4 Qe7 13.Nb1 O-O 14.Nd2 Ne8 15.Nc4 Ne5 16.Bxe5 Bxe5
17.Qd3 Nc7 18.a5 Rae8 19.Rae1 Nb5 20.g3 Qf6 21.Bg4 Bxb2 22.Bd7 Re7 23.Bxb5 axb5
24.Nxb2 Qxb2 25.Rb1 Qa2 26.Rxb5 f5 27.Qb1 Qxb1 28.Rfxb1 fxe4 29.Rxb7 Rxb7
30.Rxb7 Ra8 31.Rb6 Rxa5 32.Rxd6 Kf7 33.Re6 Ra1+ 34.Kg2 Rd1 35.Rxe4 Rxd5 36.Kf3 Kf6
37.Ke3 Re5 38.f4 Rh5 39.Rc4 Ke6 40.Ke4 Rxh2  1/2-1/2

[Event "5th Chennai Open 2013"]
[Site "Chennai IND"]
[Date "2013.01.20"]
[Round "8"]
[White "Singh,SV"]
[Black "Praveen Kumar,C1"]
[Result "0-1"]
[WhiteElo "2223"]
[BlackElo "2305"]

1.d4 e6 2.c4 Nf6 3.Nf3 c5 4.d5 exd5 5.cxd5 d6 6.Nc3 g6 7.Bf4 a6 8.a4 Bg7
9.e3 O-O 10.Be2 Nh5 11.Bg5 Bf6 12.Bxf6 Qxf6 13.Nd2 Ng7 14.Nc4 Qe7 15.O-O Nd7
16.a5 f5 17.Na4 Ne5 18.Nxe5 Qxe5 19.Nb6 Rb8 20.b4 cxb4 21.Qd2 f4 22.Nc4 Qe7
23.exf4 Bd7 24.Rfe1 Bb5 25.g3 b3 26.Nb6 Bxe2 27.Rxe2 Qf7 28.Rb1 Rbe8 29.Rxb3 Nf5
30.Rxe8 Rxe8 31.Nc4 Re4 32.Nb6 Qe8 33.Rb1 Re2 34.Qd3 Re1+ 35.Kg2 Rxb1 36.Qxb1 Qe2
37.Qb3 Qe1 38.Qc4 h5 39.Qc8+ Kg7 40.Qxb7+ Kh6 41.Qc8 Qe4+ 42.Kh3 Kg7 43.Qc3+ Kf7
44.Qc7+ Ne7 45.Nc8 Qf5+ 46.Kg2 Qxc8 47.Qxd6 Qb7 48.Qe6+ Kg7 49.Qe5+ Kh7 50.f3 Nxd5
51.f5 Qc6 52.fxg6+ Kxg6 53.h4 Nf6 54.Qg5+ Kf7 55.Qd2 Qe6 56.Qc2 Qd5 57.Qc7+ Kg6
58.Qc2+ Qf5 59.Qc3 Qd5 60.Qc2+ Kf7 61.Qc7+ Nd7 62.Qf4+ Ke7 63.Qb4+ Nc5 64.g4 hxg4
65.Qxg4 Ne6 66.Qb4+ Kf7 67.Kg3 Qe5+ 68.f4 Qd5 69.Kg4 Nd4 70.Qe1 Qf3+  0-1

[Event "5th Chennai Open 2013"]
[Site "Chennai IND"]
[Date "2013.01.22"]
[Round "10"]
[White "Lakshmi Narayanan,M"]
[Black "Satra,H"]
[Result "1-0"]
[WhiteElo "2123"]
[BlackElo "1932"]

1.d4 e6 2.c4 Nf6 3.Nf3 c5 4.d5 exd5 5.cxd5 d6 6.Nc3 g6 7.Bf4 Bg7 8.Qa4+ Bd7
9.Qb3 Qc7 10.e4 O-O 11.Be2 Nh5 12.Be3 a6 13.a4 Bg4 14.O-O Nd7 15.h3 Bxf3
16.Bxf3 Nhf6 17.Be2 Rfe8 18.Qc2 Rab8 19.a5 Ra8 20.Ra2 h6 21.Ra3 Re7 22.g4 Rae8
23.f3 Kh7 24.Kg2 Ne5 25.f4 Ned7 26.Bf3 b5 27.axb6 Nxb6 28.Rxa6 Nfxd5 29.Nxd5 Nxd5
30.Bd2 Nf6 31.Re1 Qb7 32.Ra4 Nd7 33.b4 c4 34.Bc3 d5 35.e5 f6 36.Ra5 Nb6 37.e6 Rxe6
38.Rxe6 Rxe6 39.f5 Re8 40.fxg6+ Kh8 41.Qd2 Rd8 42.Bd4 Nc8 43.b5 Rd7 44.b6 Qc6
45.Rc5 Qb7 46.Rxc4 Nd6 47.Rc1 h5 48.Qf4 Ne4 49.Rc7  1-0